O direito privado e o novo código de processos civil : (Record no. 73)

MARC details
000 -LÍDER
Campo Fixo de Controle 00921cam a2200265 a 4500
001 - NÚMERO DE CONTROLE
Campo de Controle 73
003 - IDENTIFICAÇÃO DO NÚMERO DE CONTROLE
Campo de Controle BR-CuiBMT
005 - DATA E HORA DA ÚLTIMA ATUALIZAÇÃO
Campo de Controle 20231030220132.0
008 - DADOS FIXOS
Dados Fixos 230809s2018 mgb 000 0 por d
020 ## - INTERNATIONAL STANDARD BOOK NUMBER
Nº do ISBN 9788545004561
040 ## - AGÊNCIA CATALOGADORA
Código da Agência Catalogadora BR-CuiBMT
Agência que transcreveu o registro BR-CuiBMT
080 ## - Nº DA CLASSIFICAÇÃO DECIMAL UNIVERSAL
Nº edição CDU 2007
Nº Class. CDU 347.1
090 ## - NÚMERO DE CHAMADA
Nº classificação 347.1
Cutter D598
245 02 - TÍTULO PRINCIPAL
Título principal O direito privado e o novo código de processos civil :
Subtítulo repercussões, diálogos e tendências /
Indicação de responsabilidade Felipe Peixoto Braga Netto, Michael César Silva, Vinícius Lott Thibau, coordenadores.
260 ## - PUBLICAÇÃO, DISTRIBUIÇÃO, ETC.
Local de publicação Belo Horizonte :
Editora Fórum,
Data 2018.
300 ## - DESCRIÇÃO FÍSICA
N. páginas ou volumes 441 p. ;
Dimensões 22 cm
504 ## - NOTA DE BIBLIOGRAFIA, ETC.
Nota de bibliografia Inclui bibliografia.
650 ## - ASSUNTO TÓPICO
Cabeçalho tópico ou nome geográfico Direito civil
Subdivisão de forma Legislação
650 ## - ASSUNTO TÓPICO
Cabeçalho tópico ou nome geográfico Direito processual civil
Subdivisão de forma Legislação
650 ## - ASSUNTO TÓPICO
Cabeçalho tópico ou nome geográfico Direito privado
700 1# - ENTRADA SECUNDÁRIA -- NOME PESSOAL
Nome pessoal Netto, Felipe Peixoto Braga,
Datas associadas ao nome 1973-
Cód. do termo explicativo coord.
700 1# - ENTRADA SECUNDÁRIA -- NOME PESSOAL
Nome pessoal Silva, Michael César
Cód. do termo explicativo coord.
700 1# - ENTRADA SECUNDÁRIA -- NOME PESSOAL
Nome pessoal Thibau, Vinícius Lott
Cód. do termo explicativo coord.
942 ## - ELEMENTOS DE ENTRADA ADICIONAIS (KOHA)
Fonte de classificação ou esquema de arquivamento Classificação Decimal Universal
Tipo de item do Koha Livros
Holdings
Estado: removido Estado: perdido Fonte de classificação ou esquema de arquivamento Estado: danificado Indisponível para empréstimo Localização permanente Localização atual Data de aquisição Total Checkouts Número de Chamada completo Código de barras Date last seen Número do exemplar Preço efetivo a partir de Tipo de item (Koha)
    Classificação Decimal Universal     Biblioteca da Escola Superior de Contas do TCE/MT Biblioteca da Escola Superior de Contas do TCE/MT 28/06/2023   347.1 D598 BIBTCEMT23080049 09/08/2023 Ex. 1 09/08/2023 Livros

Powered by Koha